00269 a2200097 450000500170000002000220001710000140003924500490005326000270010230000420012920250628162032.0 a978-0-415-63828-9 aBERGIN, J aMathematics for Economists with Applications aLondonbNew Yorkc2015 a690p.: ill; Graph, TablebIndexc25cm